[Event "Oberfranken-ch"]
[Site "Schney"]
[Date "2020.01.04"]
[Round "3"]
[White "Hofmann, Marko"]
[Black "Voelker, Daniel"]
[Result "1-0"]
[WhiteElo "1917"]
[BlackElo "1772"]
[PlyCount "69"]
[EventDate "2020.01.03"]
[EventType "swiss"]
[EventRounds "7"]
[EventCountry "GER"]
[SourceTitle "CBM 194 Extra"]
[Source "ChessBase"]
[SourceDate "2020.03.31"]
[SourceVersion "1"]
[SourceVersionDate "2020.03.31"]
[SourceQuality "1"]

1. d4 Nf6 2. Bf4 d5 3. e3 c5 4. c3 Nc6 5. Nd2 e6 6. Ngf3 Bd6 7. Bg3 0-0 8. Bd3 Qe7 9. Ne5 Bd7 10. h4 h5 11. Be2 g6 12. Bf4 Kg7 13. g4 cxd4 14. exd4 Ne4 15. Nxe4 dxe4 16. gxh5 Nxe5 17. dxe5 Bc5 18. Bg5 f6 19. exf6+ Rxf6 20. Bxf6+ Kxf6 21. Qd2 e3 22. fxe3 Bc6 23. Rf1+ Kg7 24. 0-0-0 Be4 25. Rf4 Rd8 26. Rxe4 Rxd2 27. Rxd2 Qf7 28. Kc2 gxh5 29. Bd3 Qf3 30. Rxe6 Bxe3 31. Re2 Bc5 32. Rg6+ Kf7 33. Rg5 Qc6 34. Bc4+ Kf8 35. Rg8# 1-0

[Event "Oberfranken-ch"]
[Site "Schney"]
[Date "2019.01.06"]
[Round "7"]
[White "Hofmann, Marko"]
[Black "Wunder, Horst"]
[Result "1/2-1/2"]
[WhiteElo "1899"]
[BlackElo "2112"]
[PlyCount "23"]
[EventDate "2019.01.03"]
[EventType "swiss"]
[EventRounds "7"]
[EventCountry "GER"]
[SourceTitle "CBM 188 Extra"]
[Source "ChessBase"]
[SourceDate "2019.02.26"]
[SourceVersion "1"]
[SourceVersionDate "2019.02.26"]
[SourceQuality "1"]

1. d4 b6 2. e4 e6 3. c4 Bb7 4. Bd3 Bb4+ 5. Bd2 Qe7 6. a3 Bxd2+ 7. Nxd2 f5 8. Qe2 fxe4 9. Bxe4 Bxe4 10. Qxe4 Nc6 11. Ngf3 Nf6 12. Qh4 1/2-1/2

[Event "Regionalliga Nord-West 1819"]
[Site "Bayern"]
[Date "2018.11.25"]
[Round "3.3"]
[White "Hofmann, Marko"]
[Black "Koch, Christian1111"]
[Result "1/2-1/2"]
[WhiteElo "1962"]
[BlackElo "1949"]
[PlyCount "74"]
[EventDate "2018.10.21"]
[EventType "team-tourn"]
[EventRounds "9"]
[EventCountry "GER"]
[SourceTitle "EXT 2022"]
[Source "ChessBase"]
[SourceDate "2021.10.06"]
[SourceVersion "1"]
[SourceVersionDate "2021.10.06"]
[SourceQuality "1"]
[WhiteTeam "Seubelsdorf"]
[BlackTeam "Hoechstadt/Aisch"]
[WhiteTeamCountry "GER"]
[BlackTeamCountry "GER"]

1. d4 Nf6 2. Nc3 g6 3. e4 d6 4. Be2 Bg7 5. h4 c6 6. h5 0-0 7. hxg6 fxg6 8. Bh6 Bxh6 9. Rxh6 b5 10. a3 Qa5 11. b4 Qb6 12. Qd2 e5 13. Rd1 a5 14. Nf3 axb4 15. Qg5 bxc3 16. Rxg6+ hxg6 17. Qxg6+ Kh8 18. Qh6+ Nh7 19. Ng5 Qc7 20. Nxh7 Qg7 21. Qxg7+ Kxg7 22. Nxf8 exd4 23. Rxd4 Kxf8 24. Rxd6 Ke7 25. Rh6 Rxa3 26. f4 Bd7 27. f5 Ra4 28. Bf3 Rd4 29. g4 Be8 30. g5 b4 31. Rh7+ Kd6 32. Rb7 Nd7 33. Ke2 c5 34. Ke3 Ke5 35. Ra7 Rd6 36. Ra8 Bf7 37. Ra7 Bg8 1/2-1/2

[Event "Oberfranken-ch"]
[Site "Schney"]
[Date "2018.01.04"]
[Round "3"]
[White "Horn, Alexander"]
[Black "Hofmann, Marko"]
[Result "0-1"]
[WhiteElo "1871"]
[BlackElo "1843"]
[PlyCount "86"]
[EventDate "2018.01.03"]
[EventType "swiss"]
[EventRounds "7"]
[EventCountry "GER"]
[SourceTitle "CBM 182 Extra"]
[Source "ChessBase"]
[SourceDate "2018.02.23"]
[SourceVersion "1"]
[SourceVersionDate "2018.02.23"]
[SourceQuality "1"]

1. e4 e6 2. d4 d5 3. Nc3 Bb4 4. e5 c5 5. a3 Bxc3+ 6. bxc3 Qc7 7. Bb5+ Bd7 8. Bxd7+ Nxd7 9. Nf3 cxd4 10. cxd4 Rc8 11. Ra2 Qc4 12. Rb2 Rc7 13. Qe2 Nb6 14. Bd2 Qxe2+ 15. Kxe2 Nc4 16. Rb3 Nxd2 17. Kxd2 Ne7 18. Rhb1 b6 19. g4 h6 20. a4 Nc6 21. Rb5 Kd7 22. Kd3 Na5 23. Nd2 Rhc8 24. c4 Nxc4 25. Nxc4 Rxc4 26. R5b4 Rc3+ 27. Ke2 Rc2+ 28. Kf3 R8c3+ 29. Kg2 Rc4 30. h4 Rxb4 31. Rxb4 Rc4 32. Rxc4 dxc4 33. Kf3 Kc6 34. Ke4 a6 35. f4 b5 36. axb5+ axb5 37. f5 b4 38. fxe6 fxe6 39. d5+ exd5+ 40. Kf5 b3 41. Kg6 b2 42. Kxg7 b1Q 43. Kxh6 Qe4 0-1

[Event "GER-ch U25-A"]
[Site "Willingen"]
[Date "2017.06.08"]
[Round "7"]
[White "Conte, Adrian1111"]
[Black "Hofmann, Marko"]
[Result "0-1"]
[WhiteElo "1698"]
[BlackElo "1846"]
[PlyCount "54"]
[EventDate "2017.06.04"]
[EventType "swiss"]
[EventRounds "9"]
[EventCountry "GER"]
[SourceTitle "CBM 178 Extra"]
[Source "ChessBase"]
[SourceDate "2017.06.22"]
[SourceVersion "1"]
[SourceVersionDate "2017.06.22"]
[SourceQuality "1"]

1. e4 e6 2. d4 d5 3. Nd2 Nf6 4. Bd3 c5 5. c3 Nc6 6. Ngf3 cxd4 7. cxd4 dxe4 8. Nxe4 Be7 9. 0-0 0-0 10. Nc3 b6 11. a3 Bb7 12. Bc2 Re8 13. Qd3 g6 14. Rd1 Bf8 15. Bg5 Be7 16. Be3 Rc8 17. Bb3 Na5 18. Ba2 Nd5 19. Ne4 b5 20. b3 Bxa3 21. Nc5 Bxc5 22. dxc5 Nxe3 23. Qxe3 Qc7 24. b4 Bxf3 25. Qxf3 Nc6 26. Rab1 a5 27. Bc4 Ne5 0-1

[Event "Oberfranken-ch"]
[Site "Schney"]
[Date "2017.01.03"]
[Round "2"]
[White "Kuespert, Helmut"]
[Black "Hofmann, Marko"]
[Result "1/2-1/2"]
[WhiteElo "1942"]
[BlackElo "1811"]
[PlyCount "30"]
[EventDate "2017.01.03"]
[EventType "swiss"]
[EventRounds "7"]
[EventCountry "GER"]
[SourceTitle "CBM 176 Extra"]
[Source "ChessBase"]
[SourceDate "2017.03.02"]
[SourceVersion "1"]
[SourceVersionDate "2017.03.02"]
[SourceQuality "1"]

1. e4 e6 2. Nf3 d5 3. e5 Bd7 4. d4 c5 5. c3 Nc6 6. a3 a5 7. Bd3 c4 8. Be2 b5 9. Nbd2 a4 10. 0-0 h5 11. h4 Be7 12. g3 Nh6 13. Kg2 Nf5 14. Rh1 Qc7 15. Nf1 0-0-0 1/2-1/2

[Event "Forchheim op-B 15th"]
[Site "Forchheim"]
[Date "2016.10.03"]
[Round "5"]
[White "Hofmann, Marko"]
[Black "Wieczorek, Heinz"]
[Result "1/2-1/2"]
[WhiteElo "1796"]
[BlackElo "1793"]
[PlyCount "120"]
[EventDate "2016.10.01"]
[EventType "swiss"]
[EventRounds "5"]
[EventCountry "GER"]
[SourceTitle "EXT 2019"]
[Source "ChessBase"]
[SourceDate "2018.10.10"]
[SourceVersion "1"]
[SourceVersionDate "2018.10.10"]
[SourceQuality "1"]

1. d4 Nf6 2. Nc3 d5 3. e4 dxe4 4. f3 exf3 5. Nxf3 Bg4 6. h3 Bxf3 7. Qxf3 c6 8. Be3 e6 9. Bc4 Be7 10. 0-0-0 Nbd7 11. g4 Nb6 12. Bb3 Qc7 13. Rhf1 Rf8 14. g5 Nfd5 15. Nxd5 Nxd5 16. Bxd5 cxd5 17. Qh5 0-0-0 18. Rxf7 e5 19. Qg4+ Kb8 20. Rdf1 Qc4 21. Qe6 Rxf7 22. Rxf7 Qe2 23. Bd2 Bxg5 24. Qxe5+ Qxe5 25. dxe5 Bxd2+ 26. Kxd2 Re8 27. Rxg7 Rxe5 28. Rxh7 Rg5 29. h4 Rg2+ 30. Kd3 Rg3+ 31. Kd4 Rg2 32. Kc3 Rg3+ 33. Kb4 Rg4+ 34. Kb3 Rg3+ 35. Kb4 Rg2 36. Kb3 Rg3+ 37. c3 d4 38. Rd7 dxc3 39. bxc3 Rh3 40. Rh7 Rh1 41. h5 Rb1+ 42. Kc2 Ra1 43. Kb2 Rh1 44. h6 a5 45. a4 Ka8 46. Kb3 Kb8 47. Kc4 Rh4+ 48. Kc5 Ka7 49. c4 Rh1 50. Kd6 Rd1+ 51. Ke7 Kb6 52. Ke8 Rh1 53. Kd8 Rh4 54. c5+ Kxc5 55. Rc7+ Kb4 56. h7 b5 57. axb5 a4 58. Rf7 Kc3 59. Rf3+ Kc2 60. Rf2+ Kc3 1/2-1/2

[Event "GER-ch U25-A"]
[Site "Willingen"]
[Date "2016.05.15"]
[Round "2"]
[White "Ciolek, Andreas"]
[Black "Hofmann, Marko"]
[Result "1-0"]
[WhiteElo "2102"]
[BlackElo "1812"]
[PlyCount "109"]
[EventDate "2016.05.15"]
[EventType "swiss"]
[EventRounds "9"]
[EventCountry "GER"]
[SourceTitle "CBM 172 Extra"]
[Source "ChessBase"]
[SourceDate "2016.06.21"]
[SourceVersion "1"]
[SourceVersionDate "2016.06.21"]
[SourceQuality "1"]

1. e4 e6 2. d4 d5 3. Nc3 Bb4 4. exd5 exd5 5. Bd3 Ne7 6. Qf3 Nbc6 7. Nge2 Be6 8. a3 Bxc3+ 9. bxc3 Qd7 10. Ng3 0-0-0 11. 0-0 h5 12. Re1 Rdg8 13. a4 h4 14. Nf1 g5 15. Ba3 g4 16. Qe2 Ng6 17. g3 hxg3 18. fxg3 Nf8 19. Rab1 Nh7 20. Bc1 Ng5 21. Bxg5 Rxg5 22. Rb5 Rgh5 23. a5 Qd6 24. Reb1 b6 25. axb6 axb6 26. Qf2 R8h6 27. R5b2 Qe7 28. Re1 Rf6 29. Qe2 Qd6 30. Ra2 Rfh6 31. Ra8+ Kd7 32. Qf2 Qe7 33. Ba6 Rh8 34. Rxh8 Rxh8 35. c4 Qb4 36. cxd5 Bxd5 37. c4 Bf3 38. Bb5 Kc8 39. d5 Na5 40. Rc1 Kb8 41. Qd4 Rd8 42. Ne3 Rg8 43. Nc2 Qd6 44. Qe3 Rh8 45. Nd4 Rh3 46. Qe8+ Ka7 47. Bc6 Rxg3+ 48. Kf2 Rg2+ 49. Kf1 Rf2+ 50. Kxf2 Qxh2+ 51. Ke3 Nxc4+ 52. Rxc4 Qg1+ 53. Kf4 Qh2+ 54. Kg5 f6+ 55. Kg6 1-0

[Event "Oberfranken-ch"]
[Site "Schney"]
[Date "2016.01.03"]
[Round "1"]
[White "Goetz, Dieter"]
[Black "Hofmann, Marko"]
[Result "1-0"]
[WhiteElo "1741"]
[BlackElo "1812"]
[PlyCount "69"]
[EventDate "2016.01.03"]
[EventType "swiss"]
[EventRounds "7"]
[EventCountry "GER"]
[SourceTitle "CBM 170 Extra"]
[Source "ChessBase"]
[SourceDate "2016.02.25"]
[SourceVersion "1"]
[SourceVersionDate "2016.02.25"]
[SourceQuality "1"]

1. e4 e6 2. f4 d5 3. e5 c5 4. c3 Nc6 5. Nf3 Bd7 6. a4 h5 7. Bb5 Nh6 8. Na3 Nf5 9. Nc2 Be7 10. d3 Nb8 11. Ne3 Nxe3 12. Bxe3 a6 13. Bxd7+ Nxd7 14. 0-0 Qc7 15. Rc1 g6 16. Rf2 0-0 17. d4 c4 18. Ng5 b5 19. g4 Bxg5 20. fxg5 hxg4 21. Qxg4 Kg7 22. Rcf1 Nb6 23. a5 Nc8 24. Qh4 Ne7 25. Qh6+ Kg8 26. Rf6 Nf5 27. R1xf5 exf5 28. h4 Qxa5 29. e6 Ra7 30. h5 Qa1+ 31. Kg2 Qd1 32. hxg6 Qe2+ 33. Bf2 Qe4+ 34. Kh2 Qf4+ 35. Bg3 1-0

[Event "Oberfranken-ch"]
[Site "Schney"]
[Date "2016.01.03"]
[Round "2"]
[White "Hofmann, Marko"]
[Black "Daum, Matthias"]
[Result "1/2-1/2"]
[WhiteElo "1812"]
[BlackElo "1905"]
[PlyCount "61"]
[EventDate "2016.01.03"]
[EventType "swiss"]
[EventRounds "7"]
[EventCountry "GER"]
[SourceTitle "CBM 170 Extra"]
[Source "ChessBase"]
[SourceDate "2016.02.25"]
[SourceVersion "1"]
[SourceVersionDate "2016.02.25"]
[SourceQuality "1"]

1. d4 Nf6 2. Nc3 d5 3. e4 dxe4 4. f3 c5 5. d5 exf3 6. Nxf3 Bg4 7. h3 Bxf3 8. Qxf3 Nbd7 9. Bf4 g6 10. Nb5 Rc8 11. d6 exd6 12. Bxd6 Rc6 13. Qxc6 Qa5+ 14. b4 Qxb4+ 15. c3 Qh4+ 16. g3 bxc6 17. gxh4 cxb5 18. Bxf8 Kxf8 19. Bxb5 Ne5 20. 0-0 Kg7 21. Rae1 Ned7 22. Re7 Nb6 23. Rxa7 Nbd5 24. c4 Ne3 25. Re1 Nf5 26. a4 Rd8 27. a5 Rd2 28. a6 Nd4 29. Ree7 Nf3+ 30. Kf1 Nh2+ 31. Kg1 1/2-1/2

[Event "Oberfranken-ch"]
[Site "Schney"]
[Date "2015.01.03"]
[Round "1"]
[White "Hofmann, Marko"]
[Black "Wilfert, Andre"]
[Result "0-1"]
[WhiteElo "1792"]
[BlackElo "2087"]
[PlyCount "50"]
[EventDate "2015.01.03"]
[EventType "swiss"]
[EventRounds "7"]
[EventCountry "GER"]
[SourceTitle "CBM 164 Extra"]
[Source "ChessBase"]
[SourceDate "2015.03.02"]
[SourceVersion "1"]
[SourceVersionDate "2015.03.02"]
[SourceQuality "1"]

1. d4 Nf6 2. Nc3 d5 3. e4 dxe4 4. f3 Bf5 5. g4 Bg6 6. g5 Nd5 7. Nxe4 e6 8. c4 Nb6 9. c5 Nd5 10. h4 h6 11. Nh3 Be7 12. Nhf2 hxg5 13. Bxg5 Bxg5 14. Nxg5 Ne3 15. Qa4+ Nc6 16. Bb5 Nc2+ 17. Ke2 Nxa1 18. Bxc6+ bxc6 19. Qxc6+ Ke7 20. Rxa1 Rxh4 21. Rd1 Rb8 22. d5 Kf8 23. d6 cxd6 24. cxd6 Qxg5 25. f4 Rxf4 0-1

[Event "Oberfranken-ch"]
[Site "Lichtenfels"]
[Date "2014.01.05"]
[Round "6"]
[White "Michalek, Michal"]
[Black "Hofmann, Marko"]
[Result "1-0"]
[WhiteElo "2154"]
[BlackElo "1782"]
[PlyCount "55"]
[EventDate "2014.01.03"]
[EventType "swiss"]
[EventRounds "7"]
[EventCountry "GER"]
[SourceTitle "EXT 2019"]
[Source "ChessBase"]
[SourceDate "2018.10.10"]
[SourceVersion "1"]
[SourceVersionDate "2018.10.10"]
[SourceQuality "1"]

1. d4 Nf6 2. c4 c5 3. d5 b5 4. cxb5 a6 5. b6 Qxb6 6. Nc3 g6 7. e4 d6 8. Be2 Bg7 9. Nf3 Nbd7 10. a4 a5 11. 0-0 0-0 12. Qc2 Ba6 13. Bb5 Bxb5 14. Nxb5 Ng4 15. Nd2 Rfc8 16. Nc4 Qd8 17. f4 Nb6 18. h3 Bd4+ 19. Nxd4 cxd4 20. b3 Ne3 21. Bxe3 dxe3 22. Rfe1 Nxc4 23. bxc4 Qb6 24. Qd3 Qb2 25. Rab1 Qf2+ 26. Kh1 Qxf4 27. Rxe3 Rxc4 28. Rf1 1-0

[Event "Forchheim op-B 12th"]
[Site "Forchheim"]
[Date "2013.09.28"]
[Round "2"]
[White "Full, Joachim"]
[Black "Hofmann, Marko"]
[Result "0-1"]
[WhiteElo "2106"]
[BlackElo "1754"]
[PlyCount "62"]
[EventDate "2013.09.27"]
[EventType "swiss"]
[EventRounds "5"]
[EventCountry "GER"]
[SourceTitle "EXT 2019"]
[Source "ChessBase"]
[SourceDate "2018.10.10"]
[SourceVersion "1"]
[SourceVersionDate "2018.10.10"]
[SourceQuality "1"]

1. e4 e6 2. d4 d5 3. e5 c5 4. c3 Nc6 5. Nf3 Qb6 6. dxc5 Bxc5 7. Qe2 f6 8. Bf4 fxe5 9. Nxe5 Nxe5 10. Bxe5 Nf6 11. Bxf6 gxf6 12. b4 Bd6 13. Nd2 Bd7 14. g3 h5 15. Bg2 Kf7 16. a4 Rac8 17. 0-0 Rxc3 18. b5 h4 19. g4 h3 20. Bh1 Rg8 21. Rfc1 Rxc1+ 22. Rxc1 Qd4 23. Kf1 Qxa4 24. Rb1 Bxh2 25. Bf3 Bf4 26. Qd3 Bxd2 27. Bxd5 Qxg4 28. Bf3 Bxb5 29. Qxb5 Qxf3 30. Qd7+ Kg6 31. Qxe6 Qd3+ 0-1

[Event "Oberfranken-ch"]
[Site "Schney"]
[Date "2011.01.05"]
[Round "6"]
[White "Buecker, Florian"]
[Black "Hofmann, Marko"]
[Result "1/2-1/2"]
[WhiteElo "1822"]
[BlackElo "1480"]
[PlyCount "50"]
[EventDate "2011.01.03"]
[EventType "swiss"]
[EventRounds "7"]
[EventCountry "GER"]
[SourceTitle "EXT 2022"]
[Source "ChessBase"]
[SourceDate "2021.10.06"]
[SourceVersion "1"]
[SourceVersionDate "2021.10.06"]
[SourceQuality "1"]

1. c4 Nf6 2. Nc3 g6 3. Nf3 Bg7 4. g3 0-0 5. Bg2 d6 6. 0-0 e5 7. e3 c6 8. d4 exd4 9. exd4 Bf5 10. Bf4 Nh5 11. Bg5 Qd7 12. Qd2 Bh3 13. Bh6 Bxg2 14. Kxg2 Na6 15. Bxg7 Kxg7 16. d5 c5 17. Ne4 Nc7 18. Qc3+ Kg8 19. Nfd2 f5 20. Ng5 h6 21. Nh3 Kh7 22. Rae1 Rae8 23. f4 b5 24. Nf3 bxc4 25. Qxc4 Rb8 1/2-1/2